Chemistry : class XII (Record no. 7848)

000 -LEADER
fixed length control field 00414 a2200157 4500
040 ## - CATALOGING SOURCE
Original cataloging agency DLC
Language of cataloging DLC
082 ## - DEWEY DECIMAL CLASSIFICATION NUMBER
Classification number 540
100 ## - MAIN ENTRY--PERSONAL NAME
Personal name Rehman Chaudhry
245 ## - TITLE STATEMENT
Title Chemistry : class XII
Statement of responsibility, etc. Dr. A. Rehman Chaudhry
250 ## - EDITION STATEMENT
Edition statement 2nd ed.
260 ## - PUBLICATION, DISTRIBUTION, ETC.
Place of publication, distribution, etc. Lahore :
Name of publisher, distributor, etc. Punjab textbook Board,
Date of publication, distribution, etc. 2002.
300 ## - PHYSICAL DESCRIPTION
Extent 334 p. :
Other physical details ill. ;
Dimensions 24 cm.
650 ## - SUBJECT ADDED ENTRY--TOPICAL TERM
Topical term or geographic name entry element Chemistry.
700 ## - ADDED ENTRY--PERSONAL NAME
Personal name Dr. A. Rehman Chaudhry.
942 ## - ADDED ENTRY ELEMENTS (KOHA)
Koha item type Book
Call number prefix 540 REH
Source of classification or shelving scheme
Holdings
Withdrawn status Lost status Damaged status Not for loan Collection code Permanent Location Current Location Shelving location Date acquired Source of acquisition Cost, normal purchase price Total Checkouts Full call number Barcode Date last seen Date last checked out Price effective from Koha item type
          Central Library (CL) Central Library (CL) General Stacks 12/20/2006 Academic Book Company 45.70 1 540 REH SEECS007924 04/25/2019 04/25/2019 01/05/2017 Book
          Central Library (CL) Central Library (CL) General Stacks 12/20/2006 Academic Book Company 45.70   540 REH SEECS007925 04/20/2019   01/05/2017 Book
          Central Library (CL) Central Library (CL) General Stacks 12/20/2006 Academic Book Company 45.70   540 REH SEECS007926 11/14/2012   01/05/2017 Book
          Central Library (CL) Central Library (CL) General Stacks 12/20/2006 Academic Book Company 45.70   540 REH SEECS007927 02/19/2020   01/05/2017 Book
© 2023 Central Library, National University of Sciences and Technology. All Rights Reserved.